Nuno Espírito Santo's Valencia - Statistics

General Stats
  • This quiz has been taken 2 times
  • The average score is 10 of 32
Answer Stats
Rank Player Position Nationality Matches Goals Assists % Correct
2 Dani Parejo Central Midfield 55 16 10
100%
17 Enzo Pérez Defensive Midfield 28 0 1
100%
5 José Gayà Left-Back 52 2 8
100%
4 Shkodran Mustafi Centre-Back 52 6 3
100%
6 Sofiane Feghouli Attacking Midfield 50 9 11
100%
11 Álvaro Negredo Centre-Forward 43 8 6
50%
8 Antonio Barragán Right-Back 44 1 5
50%
13 Diego Alves Goalkeeper 37 0 0
50%
19 Jaume Doménech Goalkeeper 15 0 0
50%
16 João Cancelo Right-Back 29 1 1
50%
3 Paco Alcácer Centre-Forward 54 20 8
50%
10 Rodrigo Centre-Forward 44 5 5
50%
14 Rodrigo De Paul Central Midfield 35 2 4
50%
27 Yoel Rodríguez Goalkeeper 6 0 0
50%
26 Aderllan Santos Centre-Back 7 0 0
0%
7 André Gomes Central Midfield 49 6 2
0%
24 Aymen Abdennour Centre-Back 8 0 0
0%
31 Bruno Zuculini Defensive Midfield 1 0 0
0%
23 Carles Gil Attacking Midfield 11 1 1
0%
22 Danilo Barbosa Defensive Midfield 11 0 1
0%
25 Filipe Augusto Defensive Midfield 8 0 0
0%
1 Javi Fuego Defensive Midfield 56 3 1
0%
15 Lucas Orbán Centre-Back 31 1 1
0%
28 Mathew Ryan Goalkeeper 5 0 0
0%
12 Nicolás Otamendi Centre-Back 38 6 0
0%
9 Pablo Piatti Attacking Midfield 44 7 12
0%
30 Rafa Mir Centre-Forward 1 0 0
0%
29 Rober Ibáñez Right Winger 5 0 0
0%
18 Rúben Vezo Centre-Back 21 0 0
0%
20 Santi Mina Centre-Forward 12 0 1
0%
32 Tropi Central Midfield 1 0 0
0%
21 Zakaria Bakkali Left Winger 12 1 2
0%
No matching quizzes found
Score Distribution
Percent of People with Each Score
Percentile by Number Answered
Your Score History
You have not taken this quiz